Statistics for Emperors of Japan (only 1867-)

Click here to take the quiz!

General Stats

  • This quiz has been taken 121 times
  • The average score is 4 of 5

Answer Stats

ReignPersonal name / Period% Correct
1926-89Hirohito / Showa
100%
1867-1912Mutsuhito / Meiji
88%
1989-2019Akihito / Heisei
86%
2019-Naruhito / Reiwa
84%
1912-26Yoshihito / Taisho
58%

Score Distribution

Percentile by Number Answered

Percent of People with Each Score

Your Score History

You have not taken this quiz